| 000 | 00951cab a2200301 4500 | ||
|---|---|---|---|
| 001 | ABS58312 | ||
| 008 | 090401t1998 xxu||||| |||| 00| 0 eng d | ||
| 035 | _a(Sirsi) u84542 | ||
| 041 | _aeng | ||
| 100 | _aTaskis, C. | ||
| 245 | _aCollusion and agricultural sub-tenants | ||
| 260 | _c1998 | ||
| 350 | _a0 | ||
| 490 |
_aLandlord and Tenant Review _v2(1) february 1998, 5-6(2) |
||
| 520 | _aExamines case law relating to the status of an agricultural sub-tenant whose headlease has apparently been deliberately destroyed. | ||
| 650 | _aAGRICULTURAL SUB-TENANTS | ||
| 650 | _aBARRETT V MORGAN | ||
| 650 | _aCOLLUSION | ||
| 650 | _aFURNISS V DAWSON | ||
| 650 | _aHEADLEASE | ||
| 650 | _aLAW OF PROPERTY ACT 1925 S139 | ||
| 650 | _aSNOOK V LONDON AND WEST RIDING INVESTMENTS LTD | ||
| 650 | _aSPARKES V SMART | ||
| 690 | _aLANDLORD AND TENANT-AGRICULTURAL TENANCIES | ||
| 700 | _aWindsor, E. | ||
| 942 | _n0 | ||
| 948 | _c26/02/1998 | ||
| 999 |
_c53131 _d53131 |
||